| 000 | 00000nam 2200000za 4500 |
| 001 | 9.822372 |
| 003 | CaOODSP |
| 005 | 20250403105805 |
| 007 | cr ||||||||||| |
| 008 | 160810s1977 oncak #o f000 0 fre d |
| 040 | |aCaOODSP|bfre |
| 043 | |an-cn--- |
| 086 | 1 |aCS71-601-6/1977F-PDF |
| 245 | 04|aLes Questionnaires de la nouvelle enquête sur la population active |h[ressource électronique]. |
| 260 | |a[Ottawa] : |bStatistique Canada, |c[1977]. |
| 300 | |a31 p. : |bill., formes. |
| 500 | |aPubli. aussi en anglais sous le titre : The Revised Labour Force Survey documents. |
| 500 | |aÉdition numérisée de l’imprimé [par Statistique Canada]. |
| 520 | |aLe Questionnaire de l'enquête sur la population active (EPA) est resté pratiquement inchangé depuis 1952. Grâce à un programme de recherche et de développement mis stir pied en 1972, Statistique Canada a mis au point un nouveau questionnaire EPA qui permettra l'enquête de produire avec plus de précision une gamme beaucoup plus étendue de données. |
| 692 | 07|2gccst|aSondage |
| 692 | 07|2gccst|aMain-d'oeuvre |
| 710 | 2 |aStatistique Canada. |
| 775 | 08|tThe Revised Labour Force Survey documents |w(CaOODSP)9.822369 |
| 856 | 40|qPDF|s5.22 Mo|uhttps://publications.gc.ca/collections/collection_2016/statcan/CS71-601-6-1977-fra.pdf |